00465nam a22001697a 450000500170000001000150001702000260003203500140005803700090007208200110008124500510009225000060014326000450014927000490019430000220024370000300026520251208143928.0 aENG-147279 a9788195172801c400.00 aEN-130811 bDBAD a001.42 aResearch Current/cEdited by Vipin Kumar Singh a1 aKanpurbSocial research foundationc2021 bkanpura128/170,H-block,kidwai nagare208011 a163p.c21cm (hbk) aVipin Kumar SingheEditor